[Event "Khanty-Mansiysk TOP 28 Rapid GP (Women)"]
[Site "Khanty-Mansiysk"]
[Date "2023.12.03"]
[Round "10"]
[White "Zhurova, Anna"]
[Black "Semenova, Elena"]
[Result "1-0"]
[WhiteElo "2149"]
[BlackElo "2269"]
[PlyCount "73"]
[EventDate "2023.12.01"]
[EventType "tourn (rapid)"]
[EventRounds "13"]
[EventCountry "RUS"]
[SourceTitle "CB49_2023"]
[SourceDate "2023.12.06"]
[SourceVersion "1"]
[SourceVersionDate "2023.12.06"]
[SourceQuality "1"]

1. e4 e5 2. Nf3 Nf6 3. Nxe5 d6 4. Nf3 Nxe4 5. Nc3 Nxc3 6. dxc3 Be7 7. Be3 Nc6 8. Qd2 Be6 9. 0-0-0 Qd7 10. Kb1 a6 11. Be2 0-0-0 12. Rhe1 Bf6 13. h3 Rhe8 14. g4 Ne5 15. Nd4 Nc4 16. Bxc4 Bxc4 17. b3 Bb5 18. Bg5 Bxg5 19. Qxg5 f6 20. Qh4 g5 21. Qg3 Bc6 22. Qd3 Re5 23. Kb2 Bd5 24. c4 Bg8 25. Nf3 Ree8 26. Qd4 Qf7 27. Qa7 Rxe1 28. Rxe1 c6 29. Nd4 Qc7 30. Nf5 Qb8 31. Qd4 Qc7 32. Qxf6 d5 33. c5 Kb8 34. Re7 Qf4 35. Qg7 Qb4 36. Nd6 Qxc5 37. Nxb7 1-0

[Event "Khanty-Mansiysk TOP 28 Rapid GP (Women)"]
[Site "Khanty-Mansiysk"]
[Date "2023.12.01"]
[Round "4"]
[White "Volchkova, Alena"]
[Black "Semenova, Elena"]
[Result "0-1"]
[WhiteElo "1942"]
[BlackElo "2269"]
[PlyCount "73"]
[EventDate "2023.12.01"]
[EventType "tourn (rapid)"]
[EventRounds "13"]
[EventCountry "RUS"]
[SourceTitle "CB49_2023"]
[SourceDate "2023.12.06"]
[SourceVersion "1"]
[SourceVersionDate "2023.12.06"]
[SourceQuality "1"]

1. e4 e5 2. Nf3 Nc6 3. Bb5 a6 4. Ba4 Bc5 5. c3 Nge7 6. 0-0 Ba7 7. d4 Ng6 8. Be3 Qf6 9. Bg5 Qd6 10. d5 Nce7 11. c4 h6 12. Be3 0-0 13. Nc3 Qf6 14. Qd2 d6 15. Ne2 Bg4 16. Ne1 Bxe2 17. Qxe2 Bxe3 18. fxe3 Qh4 19. Bc2 Nc8 20. Rf3 Nb6 21. Rh3 Qe7 22. Nf3 Nd7 23. Rf1 a5 24. a3 Nc5 25. b4 axb4 26. axb4 Nd7 27. Kh1 Ra2 28. Qd3 Rfa8 29. Bb1 R2a3 30. Qd2 Nb6 31. Qc2 Rxe3 32. c5 Nd7 33. c6 bxc6 34. Qxc6 Nb6 35. Qc1 Raa3 36. Rh5 Rac3 37. Qd1 0-1

[Event "Ekaterinburg Rapid op"]
[Site "Ekaterinburg"]
[Date "2023.08.11"]
[Round "6"]
[White "Semenova, Elena"]
[Black "Shcherbin, Matvei"]
[Result "0-1"]
[WhiteElo "2269"]
[BlackElo "2366"]
[PlyCount "130"]
[EventDate "2023.08.11"]
[EventType "swiss (rapid)"]
[EventRounds "11"]
[EventCountry "RUS"]
[SourceTitle "CBM 215 Extra"]
[Source "ChessBase"]
[SourceDate "2023.09.30"]
[SourceVersion "1"]
[SourceVersionDate "2023.09.30"]
[SourceQuality "1"]

1. e4 c5 2. Nf3 e6 3. d4 cxd4 4. Nxd4 Bc5 5. Nb3 Bb6 6. Bd3 Ne7 7. 0-0 0-0 8. c4 d6 9. Qe2 Nbc6 10. Nc3 f5 11. exf5 Nxf5 12. Ne4 Ncd4 13. Nxd4 Bxd4 14. Ng3 Nxg3 15. hxg3 Qf6 16. Rb1 e5 17. Be3 Bxe3 18. Qxe3 Bf5 19. Bxf5 Qxf5 20. Rbd1 Qc2 21. b3 Rf6 22. Rd2 Qg6 23. Rfd1 b6 24. Qd3 Qxd3 25. Rxd3 Rd8 26. Rd5 Kf7 27. Rxe5 Rc8 28. Red5 Ke7 29. f3 Kd7 30. Kf2 Kc6 31. g4 Re8 32. R1d2 Rfe6 33. Rh5 h6 34. Rf5 R8e7 35. g5 h5 36. g6 Re5 37. Rf7 Kd7 38. Rxe7+ Kxe7 39. f4 Rf5 40. Kf3 Ke6 41. Ke4 Rf8 42. Rd5 Rh8 43. Rf5 Rh6 44. Rf8 Rxg6 45. f5+ Ke7 46. Ra8 Rxg2 47. Rxa7+ Kf6 48. Rd7 Rg4+ 49. Ke3 h4 50. Rxd6+ Kxf5 51. Rd5+ Kg6 52. Rd6+ Kf7 53. Rxb6 h3 54. Rb7+ Kg8 55. Rb8+ Kh7 56. Rb5 Rh4 57. Rd5 h2 58. Rd1 h1Q 59. Rxh1 Rxh1 60. c5 Ra1 61. b4 Rxa2 62. Kd3 Rb2 63. Kc4 g5 64. b5 g4 65. c6 g3 0-1

[Event "Barnaul Kura Memorial"]
[Site "Barnaul"]
[Date "2023.02.25"]
[Round "5"]
[White "Tsepennikova, Tatyana"]
[Black "Semenova, Elena"]
[Result "1-0"]
[WhiteElo "1889"]
[BlackElo "2276"]
[PlyCount "145"]
[EventDate "2023.02.25"]
[EventType "swiss (rapid)"]
[EventRounds "11"]
[EventCountry "RUS"]
[SourceTitle "CBM 213 Extra"]
[Source "ChessBase"]
[SourceDate "2023.05.31"]
[SourceVersion "1"]
[SourceVersionDate "2023.05.31"]
[SourceQuality "1"]

1. e4 d5 2. exd5 Nf6 3. d4 Nxd5 4. c3 g6 5. Nf3 Bg7 6. Be2 0-0 7. 0-0 Bg4 8. h3 Bxf3 9. Bxf3 c6 10. Re1 e6 11. Nd2 Nd7 12. Nb3 Rc8 13. g3 b5 14. h4 Re8 15. h5 c5 16. hxg6 hxg6 17. Bxd5 exd5 18. Rxe8+ Qxe8 19. Nxc5 Nxc5 20. dxc5 Rxc5 21. Be3 Rc7 22. Qxd5 a5 23. a3 Rd7 24. Qc5 Qb8 25. Qc6 Rd6 26. Qe4 Re6 27. Qf3 Qe5 28. Qa8+ Re8 29. Qxa5 Qd5 30. Qb4 Qd3 31. Re1 Bh6 32. Qd4 Qf5 33. f4 Qh3 34. Bf2 Rc8 35. Qd5 Rb8 36. Qh1 Qxh1+ 37. Kxh1 Bg7 38. Kg2 Bf6 39. Rd1 Kf8 40. Kf3 Ke7 41. Bc5+ Ke8 42. g4 Bd8 43. g5 f6 44. gxf6 Bxf6 45. Rd6 Kf7 46. Rb6 Rxb6 47. Bxb6 Ke6 48. Ke4 Kd6 49. Bd4 Bh4 50. b3 Be1 51. Bg7 Bd2 52. Be5+ Kc6 53. Kd3 Bc1 54. Kc2 Be3 55. Kd3 Bc1 56. a4 bxa4 57. bxa4 Kb6 58. Kc4 Ka5 59. Kb3 Be3 60. Bc7+ Ka6 61. Kb4 Bd2 62. Be5 Kb6 63. Kb3 Kc5 64. a5 Kb5 65. Bc7 Kc6 66. Be5 Kb5 67. Kc2 Be1 68. Kd1 Bg3 69. Ke2 Kxa5 70. Kf3 Bh4 71. Ke4 Kb5 72. Kd5 g5 73. Ke4 1-0

[Event "RUS Cup final (Women)"]
[Site "Khanty-Mansiysk"]
[Date "2022.12.06"]
[Round "1.4"]
[White "Shukhman, Anna"]
[Black "Semenova, Elena"]
[Result "1-0"]
[WhiteElo "2161"]
[BlackElo "2282"]
[PlyCount "56"]
[EventDate "2022.12.05"]
[EventType "k.o."]
[EventRounds "3"]
[EventCountry "RUS"]
[SourceTitle "CBM 211 Extra"]
[Source "ChessBase"]
[SourceDate "2023.01.31"]
[SourceVersion "1"]
[SourceVersionDate "2023.01.31"]
[SourceQuality "1"]

1. e4 c5 2. Nf3 d6 3. d4 cxd4 4. Nxd4 a6 5. c4 Nf6 6. Nc3 g6 7. Be2 Bg7 8. Be3 Nbd7 9. 0-0 Nc5 10. f3 h5 11. Nd5 0-0 12. b4 Ncd7 13. Qd2 Nxd5 14. exd5 Kh7 15. f4 a5 16. b5 Nc5 17. Qc2 Bxd4 18. Bxd4 Bf5 19. Qd2 Rc8 20. h3 Qd7 21. Qxa5 Ra8 22. Qe1 Ra3 23. Qh4 Kg8 24. Bxh5 e5 25. fxe5 gxh5 26. Qg5+ Bg6 27. e6 Ne4 28. Qh6 Qd8 1-0

[Event "RUS GP Top 28 Rapid (Women)"]
[Site "Khanty-Mansiysk"]
[Date "2022.12.01"]
[Round "4"]
[White "Vasilevich, Irina"]
[Black "Semenova, Elena"]
[Result "1-0"]
[WhiteElo "2247"]
[BlackElo "2282"]
[PlyCount "77"]
[EventDate "2022.12.01"]
[EventType "tourn (rapid)"]
[EventRounds "13"]
[EventCountry "RUS"]
[SourceTitle "CBM 211 Extra"]
[Source "ChessBase"]
[SourceDate "2023.01.31"]
[SourceVersion "1"]
[SourceVersionDate "2023.01.31"]
[SourceQuality "1"]

1. c4 Nf6 2. Nc3 e6 3. e4 d5 4. e5 d4 5. exf6 dxc3 6. bxc3 Qxf6 7. d4 b6 8. Be2 Bb7 9. Bf3 Bxf3 10. Nxf3 Bd6 11. Qa4+ c6 12. 0-0 0-0 13. Rb1 Bc7 14. Rd1 Rc8 15. Bg5 Qf5 16. Be3 Nd7 17. d5 exd5 18. cxd5 Ne5 19. d6 Nxf3+ 20. gxf3 Bxd6 21. Qe4 Qe5 22. Qh4 Be7 23. Qg4 Rd8 24. Kh1 Qe6 25. Qa4 b5 26. Qa6 h6 27. Bd4 c5 28. Qxe6 fxe6 29. Be3 a6 30. Re1 Kf7 31. a4 b4 32. a5 Rd5 33. Kg2 bxc3 34. Rb7 Rc8 35. Rc1 c4 36. Bb6 Kg6 37. Rxe7 Rd3 38. Rxe6+ Kf5 39. Re3 1-0

[Event "Khanty-Mansiysk Governor Cup Rapid 18th"]
[Site "Khanty-Mansiysk"]
[Date "2022.11.27"]
[Round "8"]
[White "Bocharov, Ivan"]
[Black "Semenova, Elena"]
[Result "1/2-1/2"]
[WhiteElo "2571"]
[BlackElo "2282"]
[PlyCount "80"]
[EventDate "2022.11.26"]
[EventType "swiss (rapid)"]
[EventRounds "11"]
[EventCountry "RUS"]
[SourceTitle "CBM 211 Extra"]
[Source "ChessBase"]
[SourceDate "2023.01.31"]
[SourceVersion "1"]
[SourceVersionDate "2023.01.31"]
[SourceQuality "1"]

1. e4 e5 2. Nf3 Nf6 3. Nc3 Nc6 4. Bb5 Bb4 5. 0-0 0-0 6. Bxc6 dxc6 7. d3 Re8 8. Ne2 Nd7 9. Ng3 Nf8 10. Kh1 Bd6 11. Nd2 Be6 12. b3 a5 13. a4 b6 14. Bb2 Ng6 15. Nf5 Qd7 16. f4 Bxf5 17. exf5 Nxf4 18. Ne4 f6 19. Qg4 Kf8 20. Bc1 Qf7 21. Be3 c5 22. Rf3 Nd5 23. Bd2 Ke7 24. Rh3 Rh8 25. Rf1 Kd7 26. Rff3 Nf4 27. Bxf4 exf4 28. Nxd6 cxd6 29. Rxf4 Rae8 30. Rf1 Kc7 31. d4 Re7 32. dxc5 dxc5 33. Rd3 Rd8 34. Qg3+ Re5 35. Rxd8 Kxd8 36. Rd1+ Kc7 37. h3 Qe7 38. Kh2 Kb7 39. Qf3+ Kb8 40. Qf4 Qc7 1/2-1/2

[Event "Cheliabinsk Panchenko Memorial op-B"]
[Site "Cheliabinsk"]
[Date "2022.09.18"]
[Round "7"]
[White "Semenova, Elena"]
[Black "Dauletova, Gulmira"]
[Result "1/2-1/2"]
[WhiteElo "2278"]
[BlackElo "2249"]
[PlyCount "136"]
[EventDate "2022.09.12"]
[EventType "swiss"]
[EventRounds "10"]
[EventCountry "RUS"]
[SourceTitle "CBM 210 Extra"]
[Source "ChessBase"]
[SourceDate "2022.11.30"]
[SourceVersion "1"]
[SourceVersionDate "2022.11.30"]
[SourceQuality "1"]

1. e4 c5 2. Nf3 e6 3. d4 cxd4 4. Nxd4 Nc6 5. Nc3 Qc7 6. Qd3 a6 7. Nxc6 bxc6 8. Qg3 Qxg3 9. hxg3 Bc5 10. g4 e5 11. Bd2 Ne7 12. Na4 Bd4 13. g5 d5 14. Bd3 Ng6 15. Be3 Bxe3 16. fxe3 Rb8 17. Nc5 Ke7 18. 0-0-0 Nf8 19. exd5 cxd5 20. Bxa6 Ne6 21. Bxc8 Rbxc8 22. Na4 Rcd8 23. Nc3 d4 24. exd4 exd4 25. Ne4 Rd5 26. Rhe1 Rhd8 27. Rd3 Kf8 28. Rh3 Kg8 29. Reh1 Nf8 30. Rg3 Re5 31. Rg4 Ng6 32. Nd2 d3 33. c4 Re2 34. c5 Rc8 35. Rc4 Rxg2 36. a4 Rxg5 37. b4 Ne5 38. Rch4 h6 39. Kb2 Nc6 40. b5 Na5 41. c6 Nxc6 42. bxc6 Rxc6 43. Rc4 Ra6 44. Kc3 Rd5 45. Nb3 g5 46. a5 f5 47. Rd4 Rb5 48. Kc4 Rb8 49. Rd5 f4 50. Rb5 Rc8+ 51. Rc5 Rb8 52. Nd4 d2 53. Nc6 Re8 54. Rd1 f3 55. Kb5 Raa8 56. Rxd2 Rf8 57. Ne7+ Kf7 58. Nf5 Rfb8+ 59. Ka4 Ra6 60. Rd7+ Kg6 61. Ng3 f2 62. Rf5 Rb2 63. Rdd5 Ra2+ 64. Kb3 Ra1 65. Rxf2 R1xa5 66. Rxa5 Rxa5 67. Rh2 Re5 68. Kc4 Re3 1/2-1/2

[Event "Cheliabinsk Panchenko Memorial op-B"]
[Site "Cheliabinsk"]
[Date "2022.09.14"]
[Round "3"]
[White "Semenova, Elena"]
[Black "Bulatova, Kamaliya"]
[Result "1-0"]
[WhiteElo "2278"]
[BlackElo "2139"]
[PlyCount "67"]
[EventDate "2022.09.12"]
[EventType "swiss"]
[EventRounds "10"]
[EventCountry "RUS"]
[SourceTitle "CBM 210 Extra"]
[Source "ChessBase"]
[SourceDate "2022.11.30"]
[SourceVersion "1"]
[SourceVersionDate "2022.11.30"]
[SourceQuality "1"]

1. e4 c6 2. Nf3 d5 3. Nc3 Bg4 4. h3 Bxf3 5. Qxf3 e6 6. d3 Nd7 7. g3 g6 8. Bg2 Bg7 9. Qe2 Ne7 10. 0-0 Qb6 11. Bd2 0-0-0 12. Rab1 Be5 13. b4 d4 14. Na4 Qb5 15. Nc5 Qb6 16. a4 Nxc5 17. bxc5 Qc7 18. Rb4 Rd7 19. Rfb1 Qb8 20. h4 h6 21. Qe1 Bg7 22. c3 Rhd8 23. Bf4 e5 24. Bd2 dxc3 25. Bxc3 Rxd3 26. Bf1 R3d7 27. a5 Rc7 28. a6 Rdd7 29. axb7+ Kd8 30. R4b2 Rxb7 31. Ba6 Rxb2 32. Rxb2 Qa8 33. Qb1 Kc7 34. Ba5# 1-0

[Event "RUS-ch Higher League (Women) 72nd"]
[Site "Obninsk"]
[Date "2022.07.04"]
[Round "8"]
[White "Afonasieva, Anna"]
[Black "Semenova, Elena"]
[Result "0-1"]
[WhiteElo "2232"]
[BlackElo "2296"]
[PlyCount "132"]
[EventDate "2022.06.26"]
[EventType "swiss"]
[EventRounds "9"]
[EventCountry "RUS"]
[SourceTitle "CBM 209 Extra"]
[Source "ChessBase"]
[SourceDate "2022.09.30"]
[SourceVersion "1"]
[SourceVersionDate "2022.09.30"]
[SourceQuality "1"]

1. d4 Nf6 2. Nf3 e6 3. g3 b6 4. Bg2 Bb7 5. 0-0 c5 6. c4 cxd4 7. Qxd4 Bc5 8. Qd1 Be7 9. Nc3 0-0 10. b3 d6 11. Bb2 Nbd7 12. Qc2 Rc8 13. e4 b5 14. Nxb5 Bxe4 15. Qd2 Qb6 16. Bd4 Qb7 17. Ne1 Bxg2 18. Nxg2 Ne4 19. Qe3 a6 20. Nc3 Ndf6 21. Nxe4 Nxe4 22. Rfe1 Ng5 23. Nh4 e5 24. Bb2 f5 25. Qd3 Nh3+ 26. Kf1 Bxh4 27. gxh4 Qh1+ 28. Ke2 Nf4+ 29. Kd2 Nxd3 30. Rxh1 Nxb2 31. Rab1 Nxc4+ 32. bxc4 Rxc4 33. h5 Rfc8 34. Rb2 Kf7 35. Rg1 R8c7 36. Rg3 Rd4+ 37. Ke2 a5 38. Ra3 a4 39. Rd3 Rcc4 40. Rb7+ Kf6 41. Rxd4 Rxd4 42. h6 gxh6 43. Rxh7 Rh4 44. Ra7 Ke6 45. a3 h5 46. Ra8 f4 47. Ke1 Rxh2 48. Rxa4 Rh1+ 49. Ke2 h4 50. Ra8 h3 51. a4 h2 52. Rh8 Kd5 53. a5 Kd4 54. Kf3 Ra1 55. Rxh2 Ra3+ 56. Kg4 Rxa5 57. Rh1 Ra3 58. Rd1+ Rd3 59. Ra1 Rd2 60. Kf3 e4+ 61. Kxf4 Rxf2+ 62. Kg3 Rf3+ 63. Kg2 d5 64. Ra4+ Ke5 65. Ra5 Rf8 66. Ra7 e3 0-1

[Event "RUS-ch Higher League (Women) 72nd"]
[Site "Obninsk"]
[Date "2022.06.29"]
[Round "4"]
[White "Abakarova, Amina"]
[Black "Semenova, Elena"]
[Result "0-1"]
[WhiteElo "1825"]
[BlackElo "2296"]
[PlyCount "118"]
[EventDate "2022.06.26"]
[EventType "swiss"]
[EventRounds "9"]
[EventCountry "RUS"]
[SourceTitle "CBM 209 Extra"]
[Source "ChessBase"]
[SourceDate "2022.09.30"]
[SourceVersion "1"]
[SourceVersionDate "2022.09.30"]
[SourceQuality "1"]

1. e4 c5 2. b3 Nc6 3. Bb2 Nf6 4. e5 Nd5 5. Nf3 e6 6. g3 Be7 7. Bg2 f6 8. 0-0 0-0 9. c4 Ndb4 10. d3 Nxe5 11. Nxe5 fxe5 12. Bxe5 Bf6 13. Bxf6 Qxf6 14. Nd2 d6 15. Ne4 Qe7 16. f4 Bd7 17. Ng5 h6 18. Nf3 Rad8 19. Re1 Qf6 20. a3 Nc6 21. Ra2 e5 22. fxe5 dxe5 23. Nh4 Be6 24. Be4 Bh3 25. Ng6 Rf7 26. Qe2 Nd4 27. Qf2 Qg5 28. Qd2 Qf6 29. Qf2 Qd6 30. Qe3 Bf5 31. Nh4 Bxe4 32. dxe4 Rdf8 33. Rd2 Qc6 34. Nf5 Rxf5 35. exf5 Nf3+ 36. Kf2 Nxe1 37. Kxe1 Qh1+ 38. Ke2 Rxf5 39. Rd8+ Kh7 40. Qd3 Qg2+ 41. Ke3 Qg1+ 42. Kd2 Qxh2+ 43. Kc3 e4 44. Qxe4 Qxg3+ 45. Rd3 Qe5+ 46. Qxe5 Rxe5 47. Rd7 Re3+ 48. Kc2 b6 49. Rxa7 h5 50. Rb7 Re6 51. Rd7 h4 52. b4 cxb4 53. axb4 h3 54. Rd2 g5 55. Kc3 g4 56. c5 bxc5 57. bxc5 g3 58. Rd7+ Kg6 59. Rd3 g2 0-1

[Event "RUS-chT2"]
[Site "Sochi"]
[Date "2022.05.10"]
[Round "9.2"]
[White "Semenova, Elena"]
[Black "Obgolts, Erik"]
[Result "0-1"]
[WhiteElo "2280"]
[BlackElo "2437"]
[PlyCount "120"]
[EventDate "2022.05.01"]
[EventType "team-swiss"]
[EventRounds "9"]
[EventCountry "RUS"]
[SourceTitle "CBM 208 Extra"]
[Source "ChessBase"]
[SourceDate "2022.07.31"]
[SourceVersion "1"]
[SourceVersionDate "2022.07.31"]
[SourceQuality "1"]
[WhiteTeam "Qmal QNAO"]
[BlackTeam "Novosibirsk Region"]
[WhiteTeamCountry "RUS"]
[BlackTeamCountry "RUS"]

1. e4 c6 2. Nf3 d5 3. d3 Bg4 4. h3 Bh5 5. g4 Bg6 6. h4 dxe4 7. h5 Bxh5 8. Ne5 Qa5+ 9. Nc3 Qxe5 10. Rxh5 Qc7 11. Nxe4 g6 12. Rh3 Nd7 13. d4 Bg7 14. c3 Ngf6 15. Nxf6+ Nxf6 16. Qf3 h5 17. gxh5 Nxh5 18. Be3 e6 19. 0-0-0 0-0-0 20. Be2 Bh6 21. Rdh1 Bxe3+ 22. fxe3 Rhf8 23. Kb1 Kb8 24. Qf2 Ng7 25. e4 e5 26. Bc4 Nh5 27. Rf3 f6 28. Qg1 Nf4 29. Rf1 g5 30. Rd1 Rd7 31. dxe5 Rxd1+ 32. Qxd1 Rd8 33. Qf3 Qxe5 34. Ka1 Re8 35. Bf7 Rd8 36. Bb3 Qc5 37. a3 a6 38. Rh6 Rd6 39. Rh8+ Ka7 40. Rh1 Rd2 41. Rd1 Qf2 42. Qxf2+ Rxf2 43. Kb1 g4 44. Rg1 Rg2 45. Rxg2 Nxg2 46. Kc1 g3 47. Kd2 Nf4 48. Ke3 Kb6 49. Bd1 Kc5 50. Bg4 a5 51. Bc8 b6 52. Ba6 a4 53. Kf3 g2 54. Kf2 b5 55. Bb7 Nd3+ 56. Kxg2 Nxb2 57. Kf3 Nc4 58. Ke2 Nxa3 59. Kd3 Nc4 60. Kc2 Nd6 0-1

[Event "RUS-chT2"]
[Site "Sochi"]
[Date "2022.05.08"]
[Round "7.1"]
[White "Polukhin, Alexander"]
[Black "Semenova, Elena"]
[Result "0-1"]
[WhiteElo "2170"]
[BlackElo "2280"]
[PlyCount "76"]
[EventDate "2022.05.01"]
[EventType "team-swiss"]
[EventRounds "9"]
[EventCountry "RUS"]
[SourceTitle "CBM 208 Extra"]
[Source "ChessBase"]
[SourceDate "2022.07.31"]
[SourceVersion "1"]
[SourceVersionDate "2022.07.31"]
[SourceQuality "1"]
[WhiteTeam "Voronezh Inleksis"]
[BlackTeam "Qmal QNAO"]
[WhiteTeamCountry "RUS"]
[BlackTeamCountry "RUS"]

1. e4 e5 2. Nf3 Nc6 3. d4 exd4 4. Bc4 Nf6 5. 0-0 Nxe4 6. Re1 d5 7. Bxd5 Qxd5 8. Nc3 Qd7 9. Nxe4 Be7 10. Bg5 0-0 11. Bxe7 Qxe7 12. Nxd4 Bd7 13. Nb3 Rae8 14. Re3 Bc8 15. Qe2 Rd8 16. c3 h6 17. Re1 Qh4 18. Ned2 b6 19. Nf3 Qf6 20. Nbd4 Nxd4 21. Nxd4 c5 22. Nf3 Be6 23. Qa6 Rd7 24. a4 Qf4 25. Qb5 Qc7 26. h3 Rd5 27. Qe2 Rfd8 28. Re4 Qd6 29. Ne5 Rd1 30. Qa6 Rxe1+ 31. Rxe1 Qd2 32. Re2 Qc1+ 33. Kh2 Qf4+ 34. g3 Qf5 35. g4 Qf4+ 36. Kg2 Bd5+ 37. f3 Re8 38. c4 Bxf3+ 0-1

[Event "Ural-ch (Women)"]
[Site "Cheliabinsk"]
[Date "2022.03.19"]
[Round "4"]
[White "Semenova, Elena"]
[Black "Filippova, Margarita"]
[Result "1/2-1/2"]
[WhiteElo "2282"]
[BlackElo "1941"]
[PlyCount "134"]
[EventDate "2022.03.16"]
[EventType "swiss"]
[EventRounds "9"]
[EventCountry "RUS"]
[SourceTitle "EXT 2023"]
[Source "ChessBase"]
[SourceDate "2022.10.05"]
[SourceVersion "1"]
[SourceVersionDate "2022.10.05"]
[SourceQuality "1"]

1. e4 g6 2. d4 Bg7 3. Nc3 d6 4. Be3 a6 5. a4 Nd7 6. Nf3 Ngf6 7. Bc4 e5 8. dxe5 dxe5 9. 0-0 0-0 10. Qe2 Qe7 11. Bg5 h6 12. Nd5 Qd6 13. Bd2 Nxd5 14. Bxd5 Nf6 15. Bc4 Nh5 16. Rfd1 Qf6 17. Ne1 Nf4 18. Qe3 Qc6 19. Bb3 Be6 20. Bxe6 Nxe6 21. Nf3 Rfd8 22. Bc3 Rxd1+ 23. Rxd1 Qxa4 24. b3 Qc6 25. Nxe5 Qc5 26. Qxc5 Nxc5 27. f3 b6 28. Bb2 a5 29. Nc4 Bxb2 30. Nxb2 a4 31. bxa4 Nxa4 32. Ra1 b5 33. Nd3 Rd8 34. Kf2 c5 35. Ke3 g5 36. g3 Kg7 37. f4 Re8 38. Rf1 f6 39. h4 c4 40. Nf2 b4 41. hxg5 hxg5 42. fxg5 f5 43. Kd4 fxe4 44. Kxc4 e3 45. Nd3 Re4+ 46. Kb3 Nc3 47. Nxb4 Ne2 48. c4 Nd4+ 49. Kc3 e2 50. Ra1 e1Q+ 51. Rxe1 Rxe1 52. Kxd4 Kg6 53. Nd3 Re8 54. c5 Kxg5 55. Nf2 Re2 56. Nd3 Kg4 57. Ne5+ Kf5 58. g4+ Ke6 59. Nd3 Kd7 60. Ne5+ Ke6 61. Nd3 Kd7 62. Kd5 Rd2 63. Ke4 Kc6 64. g5 Rg2 65. Kf5 Rg3 66. Ne5+ Kxc5 67. g6 Rxg6 1/2-1/2

[Event "Wch Blitz (Women)"]
[Site "Warsaw"]
[Date "2021.12.30"]
[Round "14"]
[White "Garcia Martin, Marta"]
[Black "Semenova, Elena"]
[Result "0-1"]
[WhiteElo "2325"]
[BlackElo "2278"]
[PlyCount "94"]
[EventDate "2021.12.29"]
[EventType "swiss (blitz)"]
[EventRounds "17"]
[EventCountry "POL"]
[SourceTitle "CBM 205 Extra"]
[Source "ChessBase"]
[SourceDate "2022.01.31"]
[SourceVersion "1"]
[SourceVersionDate "2022.01.31"]
[SourceQuality "1"]

1. e4 e5 2. Nf3 Nf6 3. Nxe5 d6 4. Nf3 Nxe4 5. d3 Nf6 6. d4 d5 7. Bd3 Bd6 8. 0-0 0-0 9. Bg5 h6 10. Bh4 g5 11. Bg3 Bg4 12. Bxd6 Qxd6 13. Nbd2 Nbd7 14. c3 Rae8 15. Qc2 Re7 16. h3 Bxf3 17. Nxf3 Rfe8 18. c4 dxc4 19. Bxc4 Kg7 20. Rad1 c6 21. Bd3 Nd5 22. a3 Nf4 23. Bf5 Re2 24. Rd2 Nb6 25. Rfd1 Qd5 26. Bd3 Rxd2 27. Qxd2 Nxh3+ 28. gxh3 Qxf3 29. Bf1 Nd5 30. Bg2 Qe2 31. Bxd5 cxd5 32. Kg2 Re4 33. Qxe2 Rxe2 34. Rb1 Rd2 35. Rc1 Rxb2 36. Rc5 Rb3 37. Rxd5 Rxa3 38. Rd7 Rb3 39. d5 Kf6 40. Rd6+ Ke7 41. Rxh6 a5 42. Rh5 f6 43. Rh6 a4 44. h4 gxh4 45. Rxh4 b5 46. Rd4 Kd6 47. Rd1 b4 0-1